Design communication for landscape architects /

Bibliographic Details
Main Author: Wester, Lari M., 1936-
Format: Book
Language:English
Published: New York, N.Y. : Van Nostrand Reinhold, [1990]
Subjects:

MARC

Tag First Indicator Second Indicator Subfields
LEADER 00000cam a2200000 a 4500
001 in00001059613
005 20150929102210.0
008 900307s1990 nyua b 000 0 eng
010 |a  90012221  
016 |a 930066286 
020 |a 0442002424 
020 |a 9780442002428 
035 |a (OCoLC)ocm21299112 
035 |9 AFP3477AM 
035 |a (OCoLC)21299112 
040 |a DLC  |b eng  |c DLC  |d NLC  |d BAKER  |d BTCTA  |d YDXCP  |d OCLCG  |d BDX  |d GBVCP  |d OCLCO  |d OCLCF  |d TXA  |d UtOrBLW 
049 |a TXAM 
050 0 0 |a NA2705  |b .W43 1990 
055 0 |a NA2705  |b W47 1990 fol. 
082 0 0 |a 720/.28/4  |2 20 
084 |a 56.61  |2 bcl 
084 |a 74.77  |2 bcl 
100 1 |a Wester, Lari M.,  |d 1936- 
245 1 0 |a Design communication for landscape architects /  |c Lari M. Wester. 
264 1 |a New York, N.Y. :  |b Van Nostrand Reinhold,  |c [1990] 
264 4 |c ©1990 
300 |a x, 256 pages, 1 unnumbered page :  |b illustrations ;  |c 28 cm. 
336 |a text  |b txt  |2 rdacontent 
337 |a unmediated  |b n  |2 rdamedia 
338 |a volume  |b nc  |2 rdacarrier 
504 |a Includes bibliographical references (page [257]). 
541 0 |a In Memory of Nancy J. Volkman, Associate Professor, Department of Landscape and Urban Planning  |d 20140904 
650 0 |a Architectural drawing. 
650 0 |a Communication in architectural design. 
650 0 |a Graphic arts. 
650 7 |a Architectural drawing.  |2 fast  |0 (OCoLC)fst00813226 
650 7 |a Communication in architectural design.  |2 fast  |0 (OCoLC)fst00870098 
650 7 |a Graphic arts.  |2 fast  |0 (OCoLC)fst00946595 
653 0 |a Architectural drawing 
653 0 |a Communication in architectural design 
653 0 |a Graphic arts 
776 0 8 |i Online version:  |a Wester, Lari M., 1936-  |t Design communication for landscape architects.  |d New York, N.Y. : Van Nostrand Reinhold, c1990  |w (OCoLC)551421200 
776 0 8 |i Online version:  |a Wester, Lari M., 1936-  |t Design communication for landscape architects.  |d New York, N.Y. : Van Nostrand Reinhold, c1990  |w (OCoLC)607805822 
994 |a C0  |b TXA 
948 |a cataloged  |b h  |c 2014/9/5  |d c  |e jlanham  |f 12:24:04 pm 
999 |a MARS 
999 f f |s 7c465a23-133e-3964-93ff-8c2ab366a188  |i 89ecbe04-e490-305f-b2bb-5dfdef5ff4cf  |t 0 
952 f f |p ric  |a Texas A&M University  |b Rellis Campus  |c Joint Library Facility  |d Remote Storage  |t 0  |e NA2705 .W43 1990  |h Library of Congress classification  |i unmediated -- volume  |m A14850238727 
998 f f |a NA2705 .W43 1990  |t 0  |l Remote Storage